Welcome to CU Library Online Public Access Catalogue (OPAC)

INFORMATION TECHNOLOGY PROJECT MANAGEMENT (Record no. 4766)

MARC details
000 -LEADER
fixed length control field 00444nam a22001577a 4500
005 - DATE AND TIME OF LATEST TRANSACTION
control field 20250313142448.0
008 - FIXED-LENGTH DATA ELEMENTS--GENERAL INFORMATION
fixed length control field 250313b |||||||| |||| 00| 0 eng d
020 ## - INTERNATIONAL STANDARD BOOK NUMBER
International Standard Book Number 9781118097946
050 ## - LIBRARY OF CONGRESS CALL NUMBER
Classification number HD 67
Item number .P75M367
082 ## - DEWEY DECIMAL CLASSIFICATION NUMBER
Edition information 4TH EDITION
100 ## - MAIN ENTRY--PERSONAL NAME
Personal name MARCHEWKA, JACK T.
245 ## - TITLE STATEMENT
Title INFORMATION TECHNOLOGY PROJECT MANAGEMENT
Statement of responsibility, etc. JACK T. MARCHHEWKA
260 ## - PUBLICATION, DISTRIBUTION, ETC.
Place of publication, distribution, etc. SINGAPORE
Name of publisher, distributor, etc. JOHN WILEI & SONS
Date of publication, distribution, etc. c2013
300 ## - PHYSICAL DESCRIPTION
Extent xv, 456p.;
942 ## - ADDED ENTRY ELEMENTS (KOHA)
Source of classification or shelving scheme Library of Congress Classification
Koha item type Books
Suppress in OPAC No
999 ## -
-- 4766
-- 4766
Holdings
Withdrawn status Lost status Source of classification or shelving scheme Damaged status Not for loan Collection Home library Current library Shelving location Date acquired Total checkouts Full call number Barcode Date last seen Copy number Price effective from Koha item type
    Library of Congress Classification     Non-fiction Business Library (Miotso) Business Library (Miotso) General stacks 04/28/2025   HD 67. P75M367 BSSM00002095 04/28/2025 3 04/28/2025 Books
    Library of Congress Classification     Non-fiction Business Library (Miotso) Business Library (Miotso) General stacks 04/28/2025   HD 67. P75M367 BSSM00002096 04/28/2025 4 04/28/2025 Books
    Library of Congress Classification     Non-fiction Business Library (Miotso) Business Library (Miotso) General stacks 04/28/2025   HD 67. P75M367 BSSM00002097 04/28/2025 5 04/28/2025 Books
    Library of Congress Classification     Non-fiction Business Library (Miotso) Business Library (Miotso) General stacks 04/28/2025   HD 67. P75M367 BSSM00002098 04/28/2025 6 04/28/2025 Books
    Library of Congress Classification     Non-fiction Business Library (Miotso) Business Library (Miotso) General stacks 04/28/2025   HD 67. P75M367 BSSM00002099 04/28/2025 7 04/28/2025 Books
    Library of Congress Classification     Non-fiction Business Library (Miotso) Business Library (Miotso) General stacks 04/28/2025   HD 67. P75M367 BSSM00002100 04/28/2025 8 04/28/2025 Books
    Library of Congress Classification     Non-fiction Business Library (Miotso) Business Library (Miotso) General stacks 04/28/2025   HD 67. P75M367 BSSM00002101 04/28/2025 9 04/28/2025 Books
    Library of Congress Classification     Non-fiction Business Library (Miotso) Business Library (Miotso) General stacks 04/28/2025   HD 67. P75M367 BSSM00002102 04/28/2025 10 04/28/2025 Books
    Library of Congress Classification     Non-fiction Undergraduate Library (Christ Temple) Undergraduate Library (Christ Temple) General stacks 03/13/2025   HD 67. P75M367 ulct00001713 03/13/2025 1 03/13/2025 Books
    Library of Congress Classification     Non-fiction Undergraduate Library (Christ Temple) Undergraduate Library (Christ Temple) General stacks 03/13/2025   HD 67. P75M367 ulct00001714 03/13/2025 2 03/13/2025 Books
© 2023-2024 Copyright: Central University Libraries. All Rights Reserved | Created by: Mahone Tech Office